The United States in literature

Na minha lista:
Detalhes bibliográficos
Autor principal: Pooley, Robert C.
Formato: Livro
Idioma:Undetermined
Publicado em: Chicago, Estados Unidos Scott, Foresman and Co. 1952
Assuntos:
Tags: Adicionar Tag
Sem tags, seja o primeiro a adicionar uma tag!

MARC

LEADER 00000nam a2200000Ia 4500
008 170316s9999 xx 000 0 und d
040 |a cru BVZT 
090 |a 810 P-16u 
100 |a Pooley, Robert C. 
245 4 |a The United States in literature 
260 |a Chicago, Estados Unidos 
260 |b Scott, Foresman and Co. 
260 |c 1952 
300 |a 736 páginas 
650 |a LITERATURA ESTADOUNIDENSE 
999 |c 6045  |d 6045 
942 |c 15 D  |h 810 P-16u  |2 z